|
|
|
|
| LEADER |
00000nam a22000007a 4500 |
| 005 |
20110830134914.0 |
| 008 |
110830t2010 cl ||||s|||| 001|0 spa d |
| 020 |
|
|
|a 956-10-1805-5
|
| 035 |
|
|
|a 5497
|
| 040 |
|
|
|a vLex
|
| 090 |
|
|
|c 2304
|d 2304
|
| 100 |
1 |
|
|a Stoehrel Maes, Carlos Alberto
|
| 245 |
1 |
0 |
|a De las disposiciones comunes a todo procedimiento y de los incidentes
|c Carlos Alberto Stoehrel Maes
|h [Recurso electrn̤ico] /
|
| 250 |
|
|
|a 6® ed.
|
| 256 |
|
|
|a Servicio en ln̕ea.
|
| 260 |
|
|
|a [Chile] :
|b Editorial jurd̕ica de Chile,
|c 2010.
|
| 300 |
|
|
|a 212 p.
|
| 490 |
0 |
|
|a Coleccin̤ Estudios jurd̕icos.
|
| 506 |
1 |
|
|a Contenido solo disponible en los productos indicados
|d vLex Global
|d vLex Global (Academic Edition, excluding Law Schools)
|d vLex Global (U.S. Academic Edition, Law Schools)
|d vLex Global (U.S. Academic Edition, excluding Law Schools)
|d vLex Global (Academic Edition, Law Schools)
|
| 650 |
0 |
4 |
|a Derecho procesal
|z Chile
|
| 740 |
0 |
|
|a vLex Libros (Servicio en ln̕ea)
|
| 856 |
4 |
0 |
|u http://vlex.com/source/disposiciones-comunes-procedimiento-incidentes-5497
|z Acceso restringido
|
| 942 |
|
|
|c BOOK
|